LIBRARY & INFORMATION CENTRE, KCAET, TAVANUR

ONLINE PUBLIC ACCESS CATALOGUE (OPAC)

Registrars of co-operative societies and the state ministers of co-operation at Hyderabad (Record no. 11420)

MARC details
000 -LEADER
fixed length control field 00428cam a2200145ua 4500
003 - CONTROL NUMBER IDENTIFIER
control field OSt
008 - FIXED-LENGTH DATA ELEMENTS--GENERAL INFORMATION
fixed length control field 240903b |||||||| |||| 00| 0 eng d
041 ## - LANGUAGE CODE
Language code of text/sound track or separate title eng
082 ## - DEWEY DECIMAL CLASSIFICATION NUMBER
Classification number 334.01
Item number MIN/RE
245 ## - TITLE STATEMENT
Title Registrars of co-operative societies and the state ministers of co-operation at Hyderabad
250 ## - EDITION STATEMENT
Edition statement 1 /
260 ## - PUBLICATION, DISTRIBUTION, ETC. (IMPRINT)
Place of publication :
Name of publisher Ministry of community development and co-operation ,
Year of publication 1964.
300 ## - PHYSICAL DESCRIPTION
Number of Pages 148 ; .
942 ## - ADDED ENTRY ELEMENTS (KOHA)
Koha item type Books
Holdings
Withdrawn status Lost status Damaged status Home library Current library Date acquired Full call number Accession Number Koha item type
Withdrawn     KAUAET Malayalam University 07/04/2012 334.01 5859 Books
free website counter